Bakery : (Record no. 10081)

MARC details
000 -LEADER
fixed length control field 00935nam a22002897a 4500
001 - CONTROL NUMBER
control field 10081
003 - CONTROL NUMBER IDENTIFIER
control field FISKH
005 - DATE AND TIME OF LATEST TRANSACTION
control field 20260403132150.0
008 - FIXED-LENGTH DATA ELEMENTS--GENERAL INFORMATION
fixed length control field 260403b cb ||||| |||| 00| 0 eng d
020 ## - INTERNATIONAL STANDARD BOOK NUMBER
International Standard Book Number 0864150083
040 ## - CATALOGING SOURCE
Original cataloging agency FISKH
Language of cataloging eng
Transcribing agency FISKH
Modifying agency FISKH
050 ## - LIBRARY OF CONGRESS CALL NUMBER
Classification number PZ7
082 ## - DEWEY DECIMAL CLASSIFICATION NUMBER
Classification number 664
100 ## - MAIN ENTRY--PERSONAL NAME
Personal name Pepper, Susan
Relator term Author
245 ## - TITLE STATEMENT
Title Bakery :
Remainder of title Behind the scenes /
Statement of responsibility, etc. Text : Susan Pepper ; photography : Chris Fairclough
260 ## - PUBLICATION, DISTRIBUTION, ETC.
Place of publication, distribution, etc. Sydney :
Name of publisher, distributor, etc. Franklin Watts ,
Date of publication, distribution, etc. 1984
300 ## - PHYSICAL DESCRIPTION
Extent 30 pages :
Other physical details photographs ;
Dimensions 22 cm
505 ## - FORMATTED CONTENTS NOTE
Formatted contents note J<br/>
520 ## - SUMMARY, ETC.
Summary, etc. A behind-the-scenes look at a bakery, showing how bread, cakes, and other baked goods are made, from ingredients to finished products.
521 8# - TARGET AUDIENCE NOTE
Target audience note 500<br/>
Source Lexile estimate<br/>
521 8# - TARGET AUDIENCE NOTE
Target audience note J<br/>
Source Raz-Plus<br/>
650 ## - SUBJECT ADDED ENTRY--TOPICAL TERM
Topical term or geographic name entry element Baking
Form subdivision Food
650 ## - SUBJECT ADDED ENTRY--TOPICAL TERM
Topical term or geographic name entry element Jobs
Form subdivision Community helpers
700 ## - ADDED ENTRY--PERSONAL NAME
Personal name Fairclough, Chris
Relator term Photographer
942 ## - ADDED ENTRY ELEMENTS (KOHA)
Source of classification or shelving scheme Dewey Decimal Classification
Koha item type Books
Suppress in OPAC No
Holdings
Withdrawn status Lost status Source of classification or shelving scheme Damaged status Not for loan Collection Home library Current library Shelving location Date acquired Total Checkouts Full call number Barcode Date last seen Copy number Price effective from Koha item type
    Dewey Decimal Classification     Non-Fiction Footprints International School Library Network Toul Tom Poung Campus Footprints International School Library Network Toul Tom Poung Campus TTP Primary Dark Blue Bookshelves 04/03/2026   PEP 664 PZ7 FIS01388 04/03/2026 1 04/03/2026 Books